00977nam a22002537a 450000500170000001000130001702000230003003500130005303700160006604000120008208200130009424501480010726000560025527000690031130000310038065000370041165000220044870000330047070000250050370000250052894200220055399900190057595201290059420170124110256.0 aA-905548 a8173610525c150.00 aA-905548 aCen Lib/Ret aDPLbEN a000bBIS aConcise handbook of current events :bnational and international 1998-99 /cContributed by Pushpa Bisht Sinha, Sanjay Sinha [and] R. S. Bisht ; aNew DelhibJawahar Publishers & Distributors c1999 a15, DDA Market, Ber Sarai Opp JNU Old Campus bNew Delhie110016 avarious pages. :c24cm(Hb) aGeneral knowledgevGuidebook924 aReasoning9117482 aSinha, Pushpa Bisht 9117483 aSinha, Sujay9117484 aBisht, R. S. 918773 2ddccENh000mBIS c136226d136226 001040718REFaLbLd2016-01-02eCen Lib/Retg150.00l0o000 BISpA-905548r2016-01-02 00:00:00t1v150.00w2016-01-02yEN